Southville International School and Colleges
Your cart is empty.
  • Cart
  • Lists
    Public lists Eva Luna New books Lux_list list_1
    Your lists Log in to create your own lists
  • Log in to your account
  • Your cookies
  • Search history
Southville International School and Colleges
  • Advanced search
  • Recent comments
  • Most popular
  • Libraries

Log in to your account

Log in with GOOGLE


If you do not have an external account, but do have a local account, you can still log in:

  1. Home
  2. MARC view: Journal of corporate accounting & finance /
Normal view MARC view ISBD view

Journal of corporate accounting & finance / (Record no. 275784)

[ view plain ]
MARC details
000 -LEADER
fixed length control field 00631nam a2200205Ia 4500
008 - FIXED-LENGTH DATA ELEMENTS--GENERAL INFORMATION
fixed length control field 140925s9999 xx 000 0 und d
020 ## - INTERNATIONAL STANDARD BOOK NUMBER
International Standard Book Number 1097-0053
100 ## - MAIN ENTRY--PERSONAL NAME
Personal name Munter, Paul.
245 ## - TITLE STATEMENT
Title Journal of corporate accounting & finance /
Statement of responsibility, etc Paul Munter.
Medium [electronic resource]
260 ## - PUBLICATION, DISTRIBUTION, ETC. (IMPRINT)
Name of publisher, distributor, etc John Wiley & Sons, Inc.,
Date of publication, distribution, etc c2014.
516 ## - TYPE OF COMPUTER FILE OR DATA NOTE
Type of computer file or data note Electronic text
650 ## - SUBJECT ADDED ENTRY--TOPICAL TERM
Topical term or geographic name as entry element Accountancy.
650 ## - SUBJECT ADDED ENTRY--TOPICAL TERM
Topical term or geographic name as entry element Corporate Accounting.
650 ## - SUBJECT ADDED ENTRY--TOPICAL TERM
Topical term or geographic name as entry element Finance.
650 ## - SUBJECT ADDED ENTRY--TOPICAL TERM
Topical term or geographic name as entry element Journal.
830 ## - SERIES ADDED ENTRY--UNIFORM TITLE
Uniform title John Wiley & Sons, Inc.
856 ## - ELECTRONIC LOCATION AND ACCESS
Uniform Resource Identifier <a href="http://onlinelibrary.wiley.com/journal/10.1002/%28ISSN%291097-0053">http://onlinelibrary.wiley.com/journal/10.1002/%28ISSN%291097-0053</a>
942 ## - ADDED ENTRY ELEMENTS (KOHA)
Koha item type Electronic Journals
Holdings
Withdrawn status Lost status Damaged status Home library Current library Date acquired Total Checkouts Barcode Date last seen Price effective from Koha item type
      College Library College Library     EJ0181 09/25/2014 09/25/2014 Electronic Journals

Journal of corporate accounting & finance /

APA

Munter P., . (2014). Journal of corporate accounting & finance. : John Wiley & Sons, Inc.

Chicago

Munter Paul, . 2014. Journal of corporate accounting & finance. : John Wiley & Sons, Inc.

Harvard

Munter P., . (2014). Journal of corporate accounting & finance. : John Wiley & Sons, Inc.

MLA

Munter Paul, . Journal of corporate accounting & finance. : John Wiley & Sons, Inc. 2014.

  • Place hold
  • Print
  • Cite
  • Add to your cart (remove)
  • Save record
    BIBTEX Dublin Core MARCXML MARC (non-Unicode/MARC-8) MARC (Unicode/UTF-8) MARC (Unicode/UTF-8, Standard) MODS (XML) RIS
  • More searches
    Search for this title in:
    Other Libraries (WorldCat) Other Databases (Google Scholar) Online Stores (Bookfinder.com) Open Library (openlibrary.org)

Exporting to Dublin Core...

SOUTHVILLE LIBRARY

Southville International School and Colleges Library

1281 Tropical Ave. Cor. Luxembourg St., BF Homes International, Las Pinas City

Tel. No. 8256374 / 252358 Loc. 117/146

Powered by Koha